Licensure examination for teachers (LET) : reviewer (NCBTS oriented) / (Record no. 2612)

MARC details
000 -LEADER
fixed length control field 00631nam a2200205 4500
003 - CONTROL NUMBER IDENTIFIER
control field OSt
005 - DATE AND TIME OF LATEST TRANSACTION
control field 20240723072804.0
008 - FIXED-LENGTH DATA ELEMENTS--GENERAL INFORMATION
fixed length control field 240723b |||||||| |||| 00| 0 eng d
020 ## - INTERNATIONAL STANDARD BOOK NUMBER
International Standard Book Number 9789719376477
040 ## - CATALOGING SOURCE
Original cataloging agency DWCL-Main lib.
Transcribing agency OC
082 ## - DEWEY DECIMAL CLASSIFICATION NUMBER
Edition number 2010 edition
Classification number Fil. 370 L698 2010
006 - FIXED-LENGTH DATA ELEMENTS--ADDITIONAL MATERIAL CHARACTERISTICS
fixed length control field a
100 ## - MAIN ENTRY--PERSONAL NAME
Personal name Benjamin Concepcion [etal.]
245 ## - TITLE STATEMENT
Title Licensure examination for teachers (LET) : reviewer (NCBTS oriented) /
250 ## - EDITION STATEMENT
Edition statement 2010 edition
260 ## - PUBLICATION, DISTRIBUTION, ETC.
Place of publication, distribution, etc. Manila :
Name of publisher, distributor, etc. MET Review Center,
Date of publication, distribution, etc. c2010.
300 ## - PHYSICAL DESCRIPTION
Other physical details 473 p. : ill. ;
Dimensions 26 cm.
650 ## - SUBJECT ADDED ENTRY--TOPICAL TERM
Topical term or geographic name entry element 1. Education - Reviewer.
942 ## - ADDED ENTRY ELEMENTS (KOHA)
Source of classification or shelving scheme Dewey Decimal Classification
Suppress in OPAC No
Koha item type Book-Filipiniana
Edition 2010 edition
Call number prefix Fil.
Holdings
Withdrawn status Lost status Source of classification or shelving scheme Damaged status Not for loan Home library Current library Date acquired Source of acquisition Total Checkouts Full call number Barcode Date last seen Copy number Price effective from Koha item type Uniform Resource Identifier
    Dewey Decimal Classification     College Library College Library 07/28/2010 School Fund   Circ. 370 L698 2010 47621 07/23/2024 c1 07/23/2024 Book-Filipiniana
    Dewey Decimal Classification     College Library College Library 07/28/2010 School Fund   Circ. 370 L698 2010 47622 07/23/2024 c2 07/23/2024 Book-Filipiniana